[Event "ESP-ch U12 rapid"]
[Site "Salobrena"]
[Date "2023.07.15"]
[Round "4"]
[White "Loriente Galiano, Eric"]
[Black "Hernandez Tomas, Efren"]
[Result "0-1"]
[WhiteElo "1077"]
[BlackElo "1428"]
[PlyCount "128"]
[EventDate "2023.07.15"]
[EventType "swiss (rapid)"]
[EventRounds "9"]
[EventCountry "ESP"]
[SourceTitle "EXT 2024"]
[Source "ChessBase"]
[SourceDate "2023.10.10"]
[SourceVersion "1"]
[SourceVersionDate "2023.10.10"]
[SourceQuality "1"]

1. e4 d6 2. Nc3 Nf6 3. f4 g6 4. Nf3 Bg7 5. Be2 0-0 6. 0-0 Nc6 7. d3 e5 8. fxe5 dxe5 9. Qe1 Nd4 10. Bd1 Nxf3+ 11. Rxf3 Bg4 12. Rg3 Bxd1 13. Nxd1 Nh5 14. Rh3 Qd6 15. Qh4 Bf6 16. Bg5 Bxg5 17. Qxg5 Nf4 18. Re3 Kg7 19. Nc3 f6 20. Qg4 c6 21. Rf1 Qd4 22. Qf3 Rf7 23. g3 Ne6 24. h4 Raf8 25. Rfe1 f5 26. exf5 Rxf5 27. Qe4 Nc5 28. Qxd4 exd4 29. Re7+ Kh6 30. Ne4 Nxe4 31. R7xe4 Rf2 32. R4e2 R2f3 33. Kg2 c5 34. Rd2 b5 35. Re5 R3f5 36. Rde2 c4 37. dxc4 bxc4 38. Rxf5 Rxf5 39. g4 Ra5 40. a3 Rb5 41. Kf3 Rxb2 42. Re4 Rxc2 43. Rxd4 Rc3+ 44. Ke2 Rxa3 45. Rxc4 Rh3 46. g5+ Kh5 47. Rc7 Rxh4 48. Rxh7+ Kxg5 49. Rxa7 Rf4 50. Ra5+ Kg4 51. Ra1 g5 52. Rg1+ Kf5 53. Rg2 g4 54. Rg3 Kg5 55. Rg1 Kh4 56. Rf1 Rxf1 57. Kxf1 Kh3 58. Kg1 g3 59. Kh1 Kh4 60. Kg2 Kg4 61. Kf1 Kf3 62. Kg1 g2 63. Kh2 Kf2 64. Kh3 g1Q 0-1

[Event "ESP-ch U10 Rapid"]
[Site "Salobrena"]
[Date "2022.07.09"]
[Round "2"]
[White "Loriente Galiano, Eric"]
[Black "Rodriguez Marti, Pau"]
[Result "1-0"]
[WhiteElo "1020"]
[BlackElo "1079"]
[PlyCount "59"]
[EventDate "2022.07.09"]
[EventType "swiss (rapid)"]
[EventRounds "9"]
[EventCountry "ESP"]
[SourceTitle "EXT 2023"]
[Source "ChessBase"]
[SourceDate "2022.10.05"]
[SourceVersion "1"]
[SourceVersionDate "2022.10.05"]
[SourceQuality "1"]

1. e4 c5 2. Nf3 d6 3. d4 cxd4 4. Nxd4 Nf6 5. Nc3 a6 6. Bg5 e6 7. Qd2 Nbd7 8. f3 Be7 9. 0-0-0 0-0 10. Kb1 b5 11. h4 b4 12. Nce2 a5 13. g4 Qb6 14. Be3 Qb8 15. Nc6 Qc7 16. Nxe7+ Kh8 17. Nxc8 Raxc8 18. g5 Ne8 19. h5 Ne5 20. Bg2 Nc4 21. Qd3 Nxe3 22. Qxe3 Qxc2+ 23. Ka1 Qa4 24. g6 fxg6 25. hxg6 h6 26. Qb3 Qb5 27. Nd4 Qb6 28. Nxe6 Rg8 29. Ng5 Nf6 30. Nf7# 1-0

[Event "ESP-ch U10 Rapid"]
[Site "Salobrena"]
[Date "2022.07.09"]
[Round "4"]
[White "Loriente Galiano, Eric"]
[Black "Soto Fernandez, Diego"]
[Result "0-1"]
[WhiteElo "1020"]
[BlackElo "1423"]
[PlyCount "40"]
[EventDate "2022.07.09"]
[EventType "swiss (rapid)"]
[EventRounds "9"]
[EventCountry "ESP"]
[SourceTitle "EXT 2023"]
[Source "ChessBase"]
[SourceDate "2022.10.05"]
[SourceVersion "1"]
[SourceVersionDate "2022.10.05"]
[SourceQuality "1"]

1. e4 d6 2. Nc3 Nf6 3. f4 g6 4. Nf3 Bg7 5. Be2 0-0 6. 0-0 c5 7. d3 Nc6 8. Qe1 Qb6 9. Qh4 c4+ 10. Kh1 cxd3 11. cxd3 Bg4 12. f5 Bxf3 13. Rxf3 Ne5 14. Rh3 h5 15. fxg6 fxg6 16. Nd5 Nxd5 17. exd5 Rf2 18. Re3 Raf8 19. Kg1 Bh6 20. Rg3 Rf1# 0-1

[Event "ESP-ch U10"]
[Site "Salobrena"]
[Date "2022.07.06"]
[Round "4"]
[White "Loriente Galiano, Eric"]
[Black "Saez de Adana Saez, Manuel"]
[Result "1/2-1/2"]
[WhiteElo "1020"]
[BlackElo "1256"]
[PlyCount "104"]
[EventDate "2022.07.04"]
[EventType "swiss"]
[EventRounds "9"]
[EventCountry "ESP"]
[SourceTitle "EXT 2023"]
[Source "ChessBase"]
[SourceDate "2022.10.05"]
[SourceVersion "1"]
[SourceVersionDate "2022.10.05"]
[SourceQuality "1"]

1. e4 e6 2. d3 d5 3. Nd2 Nf6 4. Ngf3 Nc6 5. g3 Bd6 6. Bg2 0-0 7. 0-0 Re8 8. Re1 e5 9. Nf1 Be6 10. h4 Qd7 11. N1h2 Rad8 12. c3 dxe4 13. dxe4 Bc5 14. Qxd7 Bxd7 15. b4 Bd6 16. Bg5 Re6 17. Bh3 Ree8 18. Bxd7 Rxd7 19. Rad1 Re6 20. Bxf6 Rxf6 21. c4 Nb8 22. c5 Be7 23. Nxe5 Rxd1 24. Rxd1 h6 25. Nd7 Nxd7 26. Rxd7 Re6 27. Rxc7 Rxe4 28. Rxb7 Bf8 29. Rxa7 Rxb4 30. c6 Rb8 31. Rb7 Bd6 32. Rxb8+ Bxb8 33. a4 Kf8 34. a5 Ke8 35. a6 Ba7 36. Kg2 Kd8 37. Kf3 Kc7 38. Ng4 Kxc6 39. Ne5+ Kb6 40. Nxf7 Kxa6 41. Ke2 Kb7 42. f4 Bb8 43. Kf3 Kc6 44. Ke4 Kd7 45. Kf5 Ke7 46. Nxh6 gxh6 47. Kg6 Ba7 48. Kxh6 Bf2 49. f5 Bxg3 50. h5 Kf6 51. Kh7 Bf4 52. h6 Ke5 1/2-1/2